Most Popular Girls Names for the first half of 2015 Quiz Stats

 Plays Quiz not verified by Sporcle

Challenge
Share
Tweet
Embed
Score 0/100 Timer 10:00
0 Plays Today
Hint Answer % Correct
23Emma
84.3%
19Elizabeth
80.7%
63Isabel
80.7%
42Ella
78.3%
58Emily
78.3%
46Anna
77.1%
74Eliza
77.1%
3Olivia
75.9%
51Isabella
75.9%
59Sophia
75.9%
5Ava
74.7%
35Grace
74.7%
83Lily
74.7%
76Hannah
73.5%
1Charlotte
67.5%
2Amelia
66.3%
11Evelyn
65.1%
41Mia
63.9%
96Zoe
63.9%
71Julia
62.7%
65Chloe
61.4%
9Lucy
60.2%
61Ruby
60.2%
24Rose
59%
17Claire
56.6%
99Abigail
56.6%
16Alice
55.4%
70Audrey
55.4%
43Clara
54.2%
8Eleanor
51.8%
53Ellie
51.8%
52Maya
51.8%
56Harper
51.8%
95Daisy
51.8%
Hint Answer % Correct
6Violet
50.6%
91Madeline
50.6%
45Iris
48.2%
32Caroline
47%
29Nora
47%
39Aria
47%
27Ivy
45.8%
22Scarlett
43.4%
72Stella
43.4%
10Penelope
38.6%
79Lydia
38.6%
89Annabelle
38.6%
85Sadie
38.6%
4Isla
37.3%
7Cora
37.3%
60Josephine
36.1%
90Lola
36.1%
13Hazel
34.9%
75Juliet
34.9%
81Piper
33.7%
86Willow
33.7%
87Margaret
32.5%
28Lila
31.3%
31Quinn
28.9%
82Evie
28.9%
80Olive
28.9%
92Ada
28.9%
48Mila
27.7%
55Poppy
26.5%
12Adeline
24.1%
73Eden
24.1%
78Sienna
22.9%
15Aurora
21.7%
30Beatrice
20.5%
Hint Answer % Correct
26Genevieve
20.5%
97Emilia
20.5%
62Jane
19.3%
67Hadley
19.3%
25Evangeline
18.1%
36Luna
18.1%
98Florence
18.1%
20Arabella
16.9%
14Imogen
16.9%
33Eloise
15.7%
18Adelaide
14.5%
38Matilda
14.5%
93Gemma
13.3%
37Esme
12%
47Mae
12%
94Eliana
12%
44Everly
10.8%
68Willa
9.6%
69Nova
8.4%
88Emmeline
8.4%
100Mabel
7.2%
21Khaleesi
6%
34Harlow
6%
66Elodie
6%
50Maeve
4.8%
77Cordelia
4.8%
64Wren
3.6%
84Sloane
3.6%
40Aurelia
2.4%
49Thea
2.4%
54Seraphina
2.4%
57Clementine
1.2%

You're not logged in!

Compare scores with friends on all Sporcle quizzes.
Join for Free
OR
Log In

You Might Also Like...

Show Comments

Extras

Top Quizzes Today


Score Distribution

Your Account Isn't Verified!

In order to create a playlist on Sporcle, you need to verify the email address you used during registration. Go to your Sporcle Settings to finish the process.

Report this User

Report this user for behavior that violates our Community Guidelines.

Details: